Αμλέτος (Record no. 261052)
[ view plain ]
| 000 -LEADER | |
|---|---|
| fixed length control field | 00997cam a22003373a 4500 |
| 001 - CONTROL NUMBER | |
| control field | 31797 |
| 003 - CONTROL NUMBER IDENTIFIER | |
| control field | PGUSA |
| 005 - DATE AND TIME OF LATEST TRANSACTION | |
| control field | 20140828083704.0 |
| 008 - FIXED-LENGTH DATA ELEMENTS--GENERAL INFORMATION | |
| fixed length control field | 100327s2010||||xxu|||||s|||||000 | eng d |
| 040 ## - CATALOGING SOURCE | |
| Original cataloging agency | PGUSA |
| Language of cataloging | eng |
| 042 ## - AUTHENTICATION CODE | |
| Authentication code | dc |
| 050 #4 - LIBRARY OF CONGRESS CALL NUMBER | |
| Classification number | PR |
| 100 1# - MAIN ENTRY--PERSONAL NAME | |
| Personal name | Shakespeare, William, |
| Dates associated with a name | 1564-1616 |
| 245 10 - TITLE STATEMENT | |
| Title | Αμλέτος |
| Medium | [electronic resource] / |
| Statement of responsibility, etc | William Shakespeare |
| 260 ## - PUBLICATION, DISTRIBUTION, ETC. (IMPRINT) | |
| Name of publisher, distributor, etc | Project Gutenberg, |
| Date of publication, distribution, etc | 2010 |
| 506 ## - RESTRICTIONS ON ACCESS NOTE | |
| Terms governing access | Public domain in the USA. |
| 516 ## - TYPE OF COMPUTER FILE OR DATA NOTE | |
| Type of computer file or data note | Electronic text |
| 653 ## - INDEX TERM--UNCONTROLLED | |
| Uncontrolled term | Tragedies |
| 653 ## - INDEX TERM--UNCONTROLLED | |
| Uncontrolled term | Princes -- Drama |
| 653 ## - INDEX TERM--UNCONTROLLED | |
| Uncontrolled term | Hamlet (Legendary character) -- Drama |
| 653 ## - INDEX TERM--UNCONTROLLED | |
| Uncontrolled term | Revenge -- Drama |
| 653 ## - INDEX TERM--UNCONTROLLED | |
| Uncontrolled term | Murder victims' families -- Drama |
| 653 ## - INDEX TERM--UNCONTROLLED | |
| Uncontrolled term | Denmark -- Drama |
| 653 ## - INDEX TERM--UNCONTROLLED | |
| Uncontrolled term | Kings and rulers -- Succession -- Drama |
| 653 ## - INDEX TERM--UNCONTROLLED | |
| Uncontrolled term | Fathers -- Death -- Drama |
| 700 1# - ADDED ENTRY--PERSONAL NAME | |
| Personal name | Polylas, Iakovos, |
| Dates associated with a name | 1826-1898 |
| 740 0# - ADDED ENTRY--UNCONTROLLED RELATED/ANALYTICAL TITLE | |
| Uncontrolled related/analytical title | Hamlet. Greek |
| 830 #0 - SERIES ADDED ENTRY--UNIFORM TITLE | |
| Uniform title | Project Gutenberg |
| Volume number/sequential designation | 31797 |
| 856 40 - ELECTRONIC LOCATION AND ACCESS | |
| Uniform Resource Identifier | <a href="http://www.gutenberg.org/ebooks/31797">http://www.gutenberg.org/ebooks/31797</a> |
| 942 ## - ADDED ENTRY ELEMENTS (KOHA) | |
| Koha item type | eBooks |
| Withdrawn status | Lost status | Damaged status | Home library | Current library | Date acquired | Total Checkouts | Date last seen | Price effective from | Koha item type |
|---|---|---|---|---|---|---|---|---|---|
| Project Gutenberg | Project Gutenberg | 08/28/2014 | 08/28/2014 | 08/28/2014 | eBooks |